00325nam a22001217a 450000500170000000800410001708200100005811000240006824500530009226000400014530000100018565000080019520200608113141.0200608b xxu||||| |||| 00| 0 eng d a345.4 aALL INDIA REPORTER  aALL INDIA REPORTER 2009 (V-96) NOTES OF CASES  aMUMBAIbALL INDIA REPORTER,PVT. LTD a848;p aLAW